| 000 | 00440nam a2200181Ia 4500 | ||
|---|---|---|---|
| 001 | 7553 | ||
| 005 | 20260306160504.0 | ||
| 008 | 260306t1992||||xx |||||||||||||| ||spa|| | ||
| 041 | _aESP | ||
| 082 |
_a350.88 _bR46 |
||
| 100 |
_aRevilla V., Ana Teresa _eAUT |
||
| 245 | 0 | _aLa administración de la justicia informal | |
| 260 | _c1992 | ||
| 300 |
_a329 páginas : _c20 cm. |
||
| 650 | _aGEN | ||
| 654 | _aCAN | ||
| 942 |
_cLIB _dJUS _fJUS _2ddc _n |
||
| 999 |
_c7553 _d7553 |
||